00353nam a2200145Ia 4500008004100000020001800041082000800059100002300067245002900090250000600119260002900125300001100154500002400165650001800189230524s9999 xx 000 0 und d a9780747585893 bHOS a"Hosseini, Khaled" 2aA Thousand Splendid Suns a1 aLondonbBloomsburyc2008 a419 p. aQuantity Number: 2 aMiscellaneous